MARC

LEADER 00000nam0a2200000 4500
001 191857
005 20231101224359.0
035 |a (RuTPU)RU\TPU\book\209221 
090 |a 191857 
100 |a 20110212d1990 k y0rusy50 ca 
101 0 |a rus 
102 |a RU 
105 |a a z 001zy 
200 1 |a Экология и комплексное использование сырья в никель-кобальтовой подотрасли  |e сборник научных трудов  |f Государственный проектный и научно-исследовательский институт никель-кобальтовой промышленности (Гипроникель); под ред. Н. В. Плаксы 
210 |a Ленинград  |c Гипроникель  |d 1990 
215 |a 122 с.  |c ил. 
320 |a Библиография в конце статей 
610 1 |a никель-кобальтовая промышленность 
610 1 |a сырье 
610 1 |a использование 
610 1 |a экология 
610 1 |a технологические процессы 
610 1 |a охрана 
675 |a 669.24  |v 3 
675 |a 669.25  |v 3 
702 1 |a Плакса  |b Н. В.  |4 340 
712 0 2 |a Государственный проектный и научно-исследовательский институт никель-кобальтовой промышленности (Гипроникель)  |2 stltpush  |3 (RuTPU)RU\TPU\col\13629  |9 25734 
801 1 |a RU  |b 63413507  |c 20110212 
801 2 |a RU  |b 63413507  |c 20111010  |g RCR 
942 |c BK